000 00625nam 22002053 4500
001 201635
021 _aPT
090 _a201635
100 _a20241106d u||y0pory50 ba
200 _aEu sòzinha
_fMarina Colasanti
_gintrodução Millôr Fernandes
210 _aGuanabara
_cGráfica Record
_dimp. 1938
215 _a150, [2] p.
_cbrochado
_d21 cm
300 _aContém dedicatória na folha de guarda
606 _99
_aLiteratura Brasileira
610 _aMemórias
675 _a821.134.3(81)-94
_vPT
_zpor
700 _99181
_aColasanti
_bMarina
_f1937 -
801 _aPT
_bBMMN
_gRPC
830 _cAna Falardo
_fAna Falardo
990 _cLIVROS